| Tag |
First Indicator |
Second Indicator |
Subfields |
| LEADER |
00000cam a2200000 a 4500 |
| 001 |
in00001664078 |
| 005 |
20151024121810.0 |
| 008 |
840206s1984 nyuabf b 001 0ceng |
| 010 |
|
|
|a 84047600
|
| 020 |
|
|
|a 0060153180 :
|c $17.95
|
| 035 |
|
|
|a (OCoLC)ocm10483777
|
| 040 |
|
|
|a DLC
|c DLC
|d OCL
|d TXA
|d UtOrBLW
|
| 043 |
|
|
|a n-us---
|a a-vt---
|
| 049 |
|
|
|a TXAM
|
| 050 |
0 |
0 |
|a DS559.4
|b .S75 1984
|
| 082 |
0 |
0 |
|a 959.704/37
|a B
|2 19
|
| 100 |
1 |
|
|a Stockdale, James B.
|
| 245 |
1 |
0 |
|a In love and war :
|b the story of a family's ordeal and sacrifice during the Vietnam years /
|c Jim & Sybil Stockdale.
|
| 250 |
|
|
|a [1st ed.].
|
| 264 |
|
1 |
|a New York :
|b Harper & Row,
|c [1984]
|
| 264 |
|
4 |
|c ©1984
|
| 300 |
|
|
|a viii, 472 pages, 32 unnumbered pages of plates :
|b illustrations, map ;
|c 25 cm.
|
| 336 |
|
|
|a text
|b txt
|2 rdacontent
|
| 337 |
|
|
|a unmediated
|b n
|2 rdamedia
|
| 338 |
|
|
|a volume
|b nc
|2 rdacarrier
|
| 504 |
|
|
|a Includes bibliographical references and index.
|
| 536 |
|
|
|a Donated to the Texas A&M University Library by Captain John Box, September 2001.
|
| 650 |
|
0 |
|a Vietnam War, 1961-1975
|x Prisoners and prisons, Vietnamese.
|
| 650 |
|
0 |
|a Vietnam War, 1961-1975
|v Personal narratives, American.
|
| 600 |
1 |
0 |
|a Stockdale, James B.
|
| 600 |
1 |
0 |
|a Stockdale, Sybil.
|
| 650 |
|
0 |
|a Air pilots, Military
|z United States
|v Biography.
|
| 610 |
1 |
0 |
|a United States.
|b Navy
|v Biography.
|
| 650 |
|
0 |
|a Prisoners of war
|z United States
|v Biography.
|
| 650 |
|
0 |
|a Prisoners of war
|z Vietnam
|v Biography.
|
| 700 |
1 |
|
|a Stockdale, Sybil.
|
| 948 |
|
|
|a cataloged
|b h
|c 2002/3/12
|d c
|e mphillip
|f 12:43:29 pm
|
| 994 |
|
|
|a E0
|b TXA
|
| 999 |
|
|
|a MARS
|
| 999 |
f |
f |
|s 3203226a-8d18-32e3-b0d5-3b69b4452156
|i 9a41bac5-dfbc-3585-a4ef-91345370fef7
|t 0
|
| 952 |
f |
f |
|p normal
|a Texas A&M University
|b College Station
|c Sterling C. Evans Library
|d Evans: Library Stacks
|t 0
|e DS559.4 .S75 1984
|h Library of Congress classification
|i unmediated -- volume
|m A14828450153
|
| 998 |
f |
f |
|a DS559.4 .S75 1984
|t 0
|l Evans: Library Stacks
|